000 01108nam a22002177a 4500
005 20251127083237.0
008 251127b ||||| |||| 00| 0 eng d
020 _a9781032664231
020 _a9781032664200
020 _a9781032664248
040 _aCO-BoUCM
_cDavid Moreno
_dDavid Moreno
100 1 _aTownsend, Daniel C.
_9187375
245 1 0 _aFoundations of stage makeup
_cDaniel C Townsend
250 _a1a.Ed
260 _aNew york
_bRoutledge
_c2024
300 _axiv, 176 paginas
_bilustraciones a color
505 _rA concise history of makeup -- Hygiene, sanitation, and chemicals -- The color theory of makeup -- Light, shadow, and contouring -- Foundation and concealer -- Eyes and eyebrows -- Lips -- Facial anatomy -- Bone structure makeup -- Neutral stage makeup -- Old age makeup -- Concealing eyebrows -- Angry makeup -- Sad makeup -- Trauma makeup --Basic Prosthetics -- Fantasy makeup -- Animal makeup -- Wigs and wig prep.
650 1 4 _aMaquillaje teatral
_vManuales, etc.
_9187376
942 _2DEWEY
_a17
_cLIBRO
_e1
_h792.027
_mT747f
_n0
999 _c325925
_d325925